| 000 | 00713nam a22002057a 4500 | ||
|---|---|---|---|
| 005 | 20100810110028.0 | ||
| 010 | _aENG-99107 | ||
| 020 |
_a9789380020242 _c50.00 |
||
| 035 | _aEN-82639 | ||
| 037 | _bDBAD/PUB | ||
| 082 | _a200 | ||
| 100 |
_aThanabalan N. _913347 |
||
| 245 |
_aMissionary services in ramanathapuram district/ _cby N.Thanabalan |
||
| 260 |
_aVillivakkam _bAruna Publications _c2009 |
||
| 270 |
_a12,1st Street (annexe) North Jagannatha Nagar, _bChennai |
||
| 300 |
_a108p. _c20cm (pbk) |
||
| 500 | _aIncludes bibliographical references | ||
| 942 |
_2ddc _cEN _h200 _mTHA |
||
| 999 |
_c40528 _d40528 |
||